Programa recuperación de barrios

Gardado en:
Detalles Bibliográficos
Autor Corporativo: Ministerio de Vivienda y Urbanismo (Author)
Formato: Libro
Idioma:Lingua castelá
Publicado: Santiago MINVU 2009
Subjects:
Tags: Engadir etiqueta
Sen Etiquetas, Sexa o primeiro en etiquetar este rexistro!

MARC

LEADER 00000nam a2200000 a 4500
001 UCG1451
003 CL-VaPUC
008 100506e20090000CL |||||||||||||||||spa|d
020 |a 9789567674206 
082 0 4 |a 711.4  |b MIN  |2 21 
110 2 |a Ministerio de Vivienda y Urbanismo  |e author  |9 549394 
245 1 0 |a Programa recuperación de barrios 
300 |a 3 v 
942 |c BK 
945 |d 20100506 00:00:00  |a rbrito 
260 |a Santiago  |b MINVU  |c 2009 
500 |a v.1: Lecciones aprendidas y buenas prácticas 
500 |a v.2: Expobarrio: barrio a barrio construyendo ciudad 
500 |a v.3: Programa recuperación de barrios: II Foro Internacional de Recuperación de Barrios 
500 |a  Incluye CD 
650 0 |a Renovación urbana   |9 256385 
650 0 |a Urbanización   |9 265706 
650 7 |a DESARROLLO URBANO  |2 CL-VaPUC  |9 549395 
650 0 |a Barrios   |9 518670 
650 0 |a Murales  |9 367491 
650 7 |a PINTURA CALLEJERA  |2 CL-VaPUC  |9 549396 
583 |a last modification  |c 20100506 00:00:00  |k Rodrigo Vera 
999 |c 340817  |d 340815 
952 |0 0  |1 0  |4 0  |6 711_400000000000000_MIN_2009  |7 0  |8 A  |9 435856  |a BIBARQ  |b BIBARQ  |d 2019-11-22  |h v.1  |i 466809K  |o 711.4 MIN 2009  |p 466809K  |r 2025-01-20  |w 2019-11-22  |y BK  |k ARQ 
952 |0 0  |1 0  |4 0  |6 711_400000000000000_MIN_2009  |7 0  |8 A  |9 435857  |a BIBARQ  |b BIBARQ  |d 2019-11-22  |h v.2  |i 4668081  |o 711.4 MIN 2009  |p 4668081  |r 2025-01-20  |w 2019-11-22  |y BK  |k ARQ 
952 |0 0  |1 0  |4 0  |6 711_400000000000000_MIN_2009  |7 0  |8 A  |9 435858  |a BIBARQ  |b BIBARQ  |d 2019-11-22  |h v.3  |i 4668103  |o 711.4 MIN 2009  |p 4668103  |r 2025-01-20  |w 2019-11-22  |y BK  |k ARQ 
952 |0 0  |1 0  |4 0  |6 711_400000000000000_MIN_2009  |7 0  |8 A  |9 435859  |a BIBGIM  |b BIBGIM  |d 2019-11-22  |h v.1  |i 4700686  |o 711.4 MIN 2009  |p 4700686  |r 2025-01-15  |w 2019-11-22  |y BK  |k GIM 
952 |0 0  |1 0  |4 0  |6 711_400000000000000_MIN_2009  |7 0  |8 A  |9 435860  |a BIBGIM  |b BIBGIM  |d 2019-11-22  |h v.2  |i 4700694  |o 711.4 MIN 2009  |p 4700694  |r 2025-01-15  |w 2019-11-22  |y BK  |k GIM 
952 |0 0  |1 0  |4 0  |6 711_400000000000000_MIN_2009  |7 0  |8 A  |9 435861  |a BIBGIM  |b BIBGIM  |d 2019-11-22  |h v.3  |i 4700708  |o 711.4 MIN 2009  |p 4700708  |r 2025-01-15  |w 2019-11-22  |y BK  |k GIM